townie - mitski lyrics - Statistics

General Stats
  • This quiz has been taken 226 times
  • The average score is 246 of 298
Answer Stats
Answer % Correct
i
100%
a
99%
the
98%
and
97%
be
96%
when,
94%
when?
94%
go
93%
me
93%
my
93%
to
93%
want
93%
he
91%
no
91%
body
90%
from
89%
is
89%
as
88%
balcony,
88%
love
88%
that
88%
we're
88%
daddy
87%
falls
87%
going
87%
not
87%
party
87%
verse 1 there's
87%
what
87%
all
86%
fast
86%
gonna
85%
on
85%
drinking
84%
for
84%
so
84%
wants
84%
will
83%
heart
82%
i'm
82%
like
82%
but
81%
baseball
80%
back
79%
bat
79%
boys
79%
boys,
79%
don't
79%
driving
79%
ground
79%
kiss
79%
hitting
77%
know
77%
with
77%
am
76%
more,
76%
more
76%
are
73%
one's
73%
holding
72%
enough
71%
breath
70%
tried
70%
waiting
70%
hungry
65%
coming
64%
nothing
64%
seems
64%
somebody's
64%
we've
64%
in
63%
cause
61%
change,
61%
change
61%
tonight,
61%
up
61%
i've
59%
full
58%
come,
55%
though
55%
keep
53%
prepared
52%
wanna
52%
had
51%
came
50%
finale
50%
hair
50%
think
50%
smoke
49%
down
48%
caring
47%
growing
46%
out
46%
sharing
45%
chasing
38%
grass,
37%
putting
35%
it's
33%
wet
33%
verse 2 smell
32%
No matching quizzes found
Score Distribution
Percent of People with Each Score
Percentile by Number Answered
Your Score History
You have not taken this quiz